| 000 | 00813nam a2200265Ia 4500 | ||
|---|---|---|---|
| 003 | OSt | ||
| 005 | 20220928125419.0 | ||
| 006 | a|||||r|||| 00| 0 | ||
| 007 | ta | ||
| 008 | 220927b |||||||| |||| 00| 0 eng d | ||
| 020 | _c2685.27 | ||
| 024 | _a109077 | ||
| 037 |
_b57, 13/09/2010, Aviva Books Company _cTextual |
||
| 040 |
_aSDCL _cSDCL _beng |
||
| 041 |
_2eng _aeng |
||
| 082 | _aS8g, P7 | ||
| 100 |
_aValsiner Jaan Ed. _9469495 |
||
| 245 | 0 | _aCambridge handbook of sociocultural psychology. | |
| 260 |
_aCambridge _bCambridge University Press _c2007 |
||
| 300 |
_axvii,729p. _ccm. |
||
| 650 | _aPsychology | ||
| 700 |
_a Rosa Alberto Ed. _9469496 |
||
| 942 |
_hS8g, P7 _cTEXL _2CC |
||
| 999 |
_c782164 _d782164 |
||